000 00475cam a2200193ua 4500
001 8613
008 150210n ii |||gr||||Z||||||eng
020 _a9788189535513
040 _cMAIN
041 _aeng
082 _a920
100 _aYogananda, P.,
_eAuthor.
245 1 _aAutobiography of a yogi
_cBy Paramahansa Yogananda
250 _a1st.
260 _aKolkata:
_bYogoda,
_c2012.
300 _axviii,508p.
653 _aBiography, genealogy & insignia
942 _cBK
999 _c7713
_d7713